00873nam a2200241 i 4500001000700000003000900007005001700016007000300033008004100036080001200077100003600089245007300125260004700198300002200245490002100267500004300288500006700331650003000398830002900428852003300457999001900490952012200509110526ES-MaACL20230906185056.0t|070126s1975 fr ||||1| fre d a782(44)1 aLa Laurencie, Lionel de.96916314aLes créateurs de l'opéra français / cpar Lionel de Laurencie. aParis : bEditions d'Aujourd'hui, c[1975] a215 p. ; c19 cm.1 aLes introuvables aBiblioteca Jacinto Martínez Lacalle. aReimpresión de la ed. de 1930 publicada por F. Alcan, Paris. 4aÓpera-zFrancia.9157100 aLes introuvables9192585 aES-MaACLjE-11575 bR.139599 c110526d110526 00104070aATENEOMbATENEOMcDEPO2d2008-01-17eSCl0oE-11575p1115316r2023-02-23 00:00:00w2023-02-23yMONOGRAFIA